Psychodynamická terapia komplexnej posttraumatickej stresovej poruchy : manuál liečby po traume v detstve /

Uložené v:
Podrobná bibliografia
Hlavní autori: Wöller,, Wolfgang, 1952- (Author), Lampe, Astrid (Author), Matthess, Helga (Author), Schellong, Julia (Author), Leichsering, Falk (Author), Kruse, Johannes, 1959- (Author)
Ďalší autori: Žuchová, Svetlana, 1976- (Translator)
Médium: Kniha
Jazyk:Slovak
German
Vydané: Bratislava : Vydavateľstvo F, 2021.
Témy:
ISBN: 9788099982087
Fyzický popis: x, 161 strán : ilustrácie ; 24 cm.
Tagy: Pridať tag
Žiadne tagy, Buďte prvý kto otaguje tento záznam!

MARC

LEADER 00000nam a2200000 i 4500
001 000671069
005 20220124095606.0
008 211115s2021 xo a g n 000 0dslo d
020 |a 9788099982087  |q (brožované) 
040 |a SVKKK  |b slo  |c SVKKK  |e rda 
041 1 |a slo  |h ger 
044 |a xo  |c SK 
072 7 |a 615.8  |x Fyzioterapia. Psychoterapia. Alternatívna medicína  |2 konspekt 
080 |a 615.851:159.964.21  |2 2011 
080 |a 616.895.4  |2 2011 
080 |a 159.964.2  |2 2011 
080 |a 615.851:159.964  |2 2011 
080 |a (072)  |2 2011 
100 1 |a Wöller,, Wolfgang,  |d 1952-  |4 aut 
240 1 0 |a Psychodynamische Therapie der komplexen posttraumatischen Belastungsstörung.  |l Slovensky 
245 1 0 |a Psychodynamická terapia komplexnej posttraumatickej stresovej poruchy :  |b manuál liečby po traume v detstve /  |c Wolfgang Wöller, Astrid Lampe, Helga Matthess, Julia Schellong, Falk Leichsenring, Johannes Kruse, v spolupráci s Alexa Negele ; preklad: Svetlana Žuchová. 
264 1 |a Bratislava :  |b Vydavateľstvo F,  |c 2021. 
300 |a x, 161 strán :  |b ilustrácie ;  |c 24 cm. 
336 |a text  |b txt  |2 rdacontent 
337 |a bez média  |b n  |2 rdamedia 
338 |a zväzok  |b nc  |2 rdacarrier 
500 |a Preložené z nemčiny 
500 |a Na obálke uvedené: Podľa ICD-11 
500 |a Obsahuje stručné údaje o autoroch 
504 |a Bibliografia na strane 145-152 
650 0 7 |a psychodynamická psychoterapia  |2 SVKKKPH 
650 0 7 |a posttraumatická stresová porucha  |2 SVKKKPH 
650 0 7 |a psychoanalýza  |2 SVKKKPH 
650 0 7 |a hlbinná psychoterapia  |2 SVKKKPH 
650 0 7 |a psychodynamic psychotherapy  |2 SVKKKPHeng 
650 0 7 |a post-traumatic stress disorder  |2 SVKKKPHeng 
650 0 7 |a psychoanalysis  |2 SVKKKPHeng 
650 0 7 |a depth psychotherapy  |2 SVKKKPHeng 
655 7 |a metodické príručky  |2 SVKKKPH 
655 7 |a methodological manuals  |2 SVKKKPHeng 
700 1 |a Lampe, Astrid  |4 aut 
700 1 |a Matthess, Helga  |4 aut 
700 1 |a Schellong, Julia  |4 aut 
700 1 |a Leichsering, Falk  |4 aut 
700 1 |a Kruse, Johannes,  |d 1959-  |4 aut 
700 1 |a Žuchová, Svetlana,  |d 1976-  |4 trl 
910 |a svkkk 
919 |a 978-80-99982-08-7 
998 |a BK 
090 |g SCKHL  |k Študovňa kníh  |a IV.241341  |j 1113323  |i 2720816443  |s Príručka / Študovňa 
090 |g SCKHL  |k Sklad Hlavná 10 prízemie  |a IV.241466  |j 1113627  |i 2720818836  |s Absenčne